| 000 | 00445cam a22001692 4500 | ||
|---|---|---|---|
| 001 | 0000024657 | ||
| 005 | 20151217161645.0 | ||
| 008 | 140123s xx 000 0 eng d | ||
| 040 |
_aKABU _cKABU |
||
| 100 | 1 |
_aKabisa, Susan. _@0000185039 |
|
| 245 | 1 | 4 |
_aThe Socio economic right to food in Kenya / _cKabisa Susan. |
| 260 | _c2013. | ||
| 300 | _avi, 37 p. | ||
| 908 | _a140123 | ||
| 950 | _@1 | ||
| 999 |
_c15499 _d15499 |
||